NBA Chain Game - Statistics

General Stats
  • This quiz has been taken 379 times
  • The average score is 11 of 30
Answer Stats
Hint Answer % Correct
How many rings does the Spurs franchise have? 5
100%
What team did Tim Duncan play for? San Antonio Spurs
100%
Who famously wore the number 5 on the Celtics? Kevin Garnett
83%
Who was also traded alongside KG to the Celtics? Ray Allen
67%
What is Ray Allen's career high in points? 54
64%
What point guard has the nickname CP3? Chris Paul
63%
What position does Shai play? Point Guard
58%
Chris Paul won what award in 2006? Rookie of the Year
58%
What Thunder player also has a career high of 54 Shai Gilgeous-Alexander
58%
Who won this award in 2022? Scottie Barnes
46%
Scottie Barnes was drafted what number? 4th
31%
What 4x DPOY winner was also drafted 4th? Dikembe Mutombo
22%
In 1996, the Lakers acquired this star at pick 13. Kobe Bryant
22%
Kobe Bryant is 4th in all time career points. Who is fifth? Michael Jordan
22%
What team drafted Dikembe Mutombo? Denver Nuggets
21%
Who lead the Miami Heat's legendary "Heatles" group? Lebron James
21%
What team did Luka Doncic get traded to? Los Angeles Lakers
21%
Who, more recently, scored 73 points in a game? Luka Doncic
21%
Michael Jordan ended his career with what team? Washington Wizards
21%
What champion did the Wizards acquire from the Warriors in 2023? Jordan Poole
20%
Butler played with Herro and Adebayo on what team? Miami Heat
20%
Jordan Poole won a ring alongside what point guard in 2022? Steph Curry
20%
Who is the leading scorer for the Denver Nuggets? Alex English
19%
Steph Curry recently got a 6x all star teammate named? Jimmy Butler
19%
Who scored 73 points, being one of English's teammates? David Thompson
17%
Darko Milicic won a ring his rookie year with what team? Detroit Pistons
15%
Who was the first pick in the 1997 draft? Tim Duncan
15%
What year was Chauncey Billups drafted? 1997
14%
The Pistons won a championship in 2004. Who was the Finals MVP? Chauncey Billups
14%
Who was drafted behind Lebron James in 2003? Darko Milicic
14%
No matching quizzes found
Score Distribution
Percent of People with Each Score
Percentile by Number Answered
Your Score History
You have not taken this quiz